000 00778nam a2200277 a 4500
001 75958
003 BD-RjUL
005 20211209082752.0
008 190924s1961 nyua 000 0 eng
035 _a(BD-RjUL)76177
035 _a(OCoLC)228953
040 _aDLC
_cODaWU
_dOCoLC
_dDNAL
_dOCoLC
_dUk
_dDLC
_dBD-RjUL
_beng
041 _aeng
070 0 _aHD31.M28
_b1961
082 _223
_a658.5
_bNIP 1961
100 1 _aMac Niece, E. H.
_9233139
245 1 0 _aProduction forecasting, planning, and control /
_cE. H. Mac Niece.
250 _a3d ed.
260 _aNew York :
_bWiley,
_c1961
300 _a402 p.:
_billus.
_c24 cm.
650 0 _aIndustrial management.
_9233140
942 _2ddc
_cBK
999 _c75958
_d75958